[Event "Piestany Slovakia op-A"]
[Site "Piestany"]
[Date "2025.07.12"]
[Round "5"]
[White "Kowalczyk, Rafal"]
[Black "Janik, Marek Tobias"]
[Result "1/2-1/2"]
[WhiteElo "2208"]
[BlackElo "2017"]
[PlyCount "112"]
[EventDate "2025.07.08"]
[EventType "swiss"]
[EventRounds "9"]
[EventCountry "SVK"]
[SourceTitle "CB29_2025"]
[SourceDate "2025.07.16"]
[SourceVersion "1"]
[SourceVersionDate "2025.07.16"]
[SourceQuality "1"]

1. e4 c5 2. Nf3 Nc6 3. Bb5 Nd4 4. Bc4 e6 5. Nc3 Ne7 6. Nxd4 cxd4 7. Ne2 Nc6 8. d3 Be7 9. a3 0-0 10. b4 d5 11. exd5 exd5 12. Bb3 Re8 13. 0-0 Bf6 14. Nf4 Be6 15. Bd2 a6 16. Re1 Qd7 17. Qf3 Ne5 18. Qg3 Ng6 19. Nxg6 hxg6 20. Bg5 a5 21. Bxf6 gxf6 22. bxa5 Rxa5 23. Qf4 Kg7 24. Qxd4 b5 25. a4 Rea8 26. axb5 Qxb5 27. Rxa5 Qxa5 28. Kf1 Rh8 29. h3 Rh5 30. c3 g5 31. Bd1 Rh4 32. Qe3 Qxc3 33. g4 d4 34. Qf3 Qd2 35. Be2 Rh8 36. Rb1 Qa5 37. Kg1 Qe5 38. Bf1 Rc8 39. Bg2 Rc5 40. Qe4 Bd5 41. Qe1 Be6 42. Qd2 Qc7 43. Be4 Rc2 44. Qb4 Qc3 45. Qd6 Rxf2 46. Kxf2 Qc2+ 47. Kg3 Qxb1 48. Qxd4 Qe1+ 49. Qf2 Qxf2+ 50. Kxf2 Kf8 51. Kg3 Ke7 52. h4 gxh4+ 53. Kxh4 Kd6 54. d4 f5 55. gxf5 Bxf5 56. Bxf5 Kd5 1/2-1/2

[Event "SVK-ch U2400"]
[Site "Liptovsky Jan"]
[Date "2025.06.14"]
[Round "6"]
[White "Durovka, Marek"]
[Black "Janik, Marek Tobias"]
[Result "1/2-1/2"]
[WhiteElo "1998"]
[BlackElo "2084"]
[PlyCount "49"]
[EventDate "2025.06.12"]
[EventType "swiss"]
[EventRounds "8"]
[EventCountry "SVK"]
[SourceTitle "CB25_2025"]
[SourceDate "2025.06.18"]
[SourceVersion "1"]
[SourceVersionDate "2025.06.18"]
[SourceQuality "1"]

1. d4 d5 2. c4 dxc4 3. Nf3 Nf6 4. e3 e6 5. Bxc4 c5 6. 0-0 a6 7. Qe2 b5 8. Bb3 Bb7 9. Rd1 Qc7 10. Nc3 Be7 11. e4 cxd4 12. Nxd4 Nc6 13. Nxc6 Qxc6 14. f3 0-0 15. Be3 Bc5 16. Rac1 Qb6 17. Bxc5 Qxc5+ 18. Qf2 Rfc8 19. Qxc5 Rxc5 20. Nd5 Rxc1 21. Nxf6+ gxf6 22. Rxc1 Rc8 23. Rxc8+ Bxc8 24. Kf2 Kf8 25. Bc2 1/2-1/2

[Event "SVK-ch U2400"]
[Site "Liptovsky Jan"]
[Date "2025.06.12"]
[Round "2"]
[White "Muller, Tomas"]
[Black "Janik, Marek Tobias"]
[Result "0-1"]
[WhiteElo "1603"]
[BlackElo "2084"]
[PlyCount "42"]
[EventDate "2025.06.12"]
[EventType "swiss"]
[EventRounds "8"]
[EventCountry "SVK"]
[SourceTitle "CB25_2025"]
[SourceDate "2025.06.18"]
[SourceVersion "1"]
[SourceVersionDate "2025.06.18"]
[SourceQuality "1"]

1. d4 d5 2. Bf4 e6 3. Nf3 Bd6 4. e3 Nf6 5. c3 c5 6. dxc5 Bxc5 7. Bd3 Nc6 8. Nbd2 0-0 9. e4 Qb6 10. b4 Bxf2+ 11. Ke2 dxe4 12. Nxe4 Nxe4 13. Bxe4 e5 14. Bg5 Be6 15. Rf1 Bc4+ 16. Bd3 Bxd3+ 17. Qxd3 e4 18. Qd5 exf3+ 19. Qxf3 Rae8+ 20. Kd2 Qb5 21. Rxf2 Qxg5+ 0-1

[Event "SVK-ch U18/20"]
[Site "Tatralandia"]
[Date "2025.05.17"]
[Round "8"]
[White "Janik, Marek Tobias"]
[Black "Aliev, Pavel"]
[Result "0-1"]
[WhiteElo "2076"]
[BlackElo "2108"]
[PlyCount "81"]
[EventDate "2025.05.11"]
[EventType "swiss"]
[EventRounds "9"]
[EventCountry "SVK"]
[SourceTitle "CB21_2025"]
[SourceDate "2025.05.21"]
[SourceVersion "1"]
[SourceVersionDate "2025.05.21"]
[SourceQuality "1"]

1. e4 c5 2. Nf3 g6 3. d4 cxd4 4. Qxd4 Nf6 5. Nc3 Nc6 6. Qa4 d6 7. e5 dxe5 8. Nxe5 Bd7 9. Nxd7 Qxd7 10. Be3 Bg7 11. Be2 0-0 12. 0-0 Rfd8 13. Rad1 Qe8 14. Nb5 Rdc8 15. Bf4 Qf8 16. a3 Ne8 17. Rd7 a6 18. Nc3 b5 19. Qb3 Nd4 20. Qb4 Nd6 21. Bxd6 a5 22. Qxd4 Bxd4 23. Bxe7 Qe8 24. Rxd4 Qxe7 25. Bxb5 Rd8 26. Re4 Qc5 27. Bd3 Rab8 28. Na4 Qc6 29. Rc4 Qe8 30. b3 Rxd3 31. cxd3 Rxb3 32. Nc5 Rxa3 33. h4 Qe5 34. g3 Qd5 35. Rfc1 Ra2 36. Rf4 Kg7 37. Rfc4 h6 38. R4c2 Rxc2 39. Rxc2 a4 40. Nxa4 Qxd3 41. Rc1 0-1

[Event "SVK-ch U18/20"]
[Site "Tatralandia"]
[Date "2025.05.16"]
[Round "7"]
[White "Rakovsky, Jakub"]
[Black "Janik, Marek Tobias"]
[Result "1/2-1/2"]
[WhiteElo "2109"]
[BlackElo "2076"]
[PlyCount "61"]
[EventDate "2025.05.11"]
[EventType "swiss"]
[EventRounds "9"]
[EventCountry "SVK"]
[SourceTitle "CB21_2025"]
[SourceDate "2025.05.21"]
[SourceVersion "1"]
[SourceVersionDate "2025.05.21"]
[SourceQuality "1"]

1. d4 f5 2. Nc3 Nf6 3. Bg5 e6 4. e4 fxe4 5. Nxe4 Be7 6. Bxf6 Bxf6 7. f4 0-0 8. Nf3 d5 9. Nxf6+ Qxf6 10. g3 c5 11. c3 b6 12. Bd3 Nc6 13. Qd2 a5 14. a3 h6 15. Qe3 g5 16. Ne5 Nxe5 17. fxe5 Qg7 18. 0-0-0 c4 19. Bc2 Bd7 20. h4 g4 21. Rdf1 h5 22. Qg5 Qxg5+ 23. hxg5 Rf3 24. Rxf3 gxf3 25. Kd2 Rf8 26. Ke1 Be8 27. Kf2 Kg7 28. Rh4 Bg6 29. Bxg6 Kxg6 30. Rf4 Rf5 31. a4 1/2-1/2

[Event "SVK-chT rapid"]
[Site "Poprad"]
[Date "2025.05.04"]
[Round "4.13"]
[White "Janik, Marek Tobias"]
[Black "Hasala, Richard"]
[Result "1/2-1/2"]
[WhiteElo "2028"]
[BlackElo "1959"]
[PlyCount "87"]
[EventDate "2025.05.04"]
[EventType "team-swiss (rapid)"]
[EventRounds "7"]
[EventCountry "SVK"]
[SourceTitle "CB19_2025"]
[SourceDate "2025.05.07"]
[SourceVersion "1"]
[SourceVersionDate "2025.05.07"]
[SourceQuality "1"]

1. c4 e6 2. e4 c5 3. Nc3 Nc6 4. g3 Nf6 5. Bg2 Be7 6. Nge2 0-0 7. 0-0 a6 8. d3 Rb8 9. a4 b6 10. Be3 Bb7 11. h3 Nb4 12. d4 cxd4 13. Nxd4 Qc7 14. b3 Rbc8 15. Rc1 Rfd8 16. Qe2 Qb8 17. Rfd1 Qa8 18. Bf4 d6 19. g4 Nd7 20. Nc2 Nxc2 21. Rxc2 Ne5 22. Rcd2 Qb8 23. Be3 Ba8 24. f4 Nd7 25. g5 Bc6 26. b4 Ba8 27. Rd4 Qc7 28. Bf1 e5 29. Nd5 Bxd5 30. Rxd5 exf4 31. Bxf4 Ne5 32. Bxe5 dxe5 33. Qd2 g6 34. h4 a5 35. b5 Bc5+ 36. Kh1 Rxd5 37. Qxd5 Be7 38. Qd7 Qxd7 39. Rxd7 Bc5 40. Rd5 Bd4 41. Kg2 Kf8 42. Kf3 Ke7 43. Bd3 Rc7 44. Kg4 1/2-1/2

[Event "SVK-ch blitz"]
[Site "Poprad"]
[Date "2025.05.02"]
[Round "10"]
[White "Janik, Marek Tobias"]
[Black "Borosova, Zuzana"]
[Result "0-1"]
[WhiteElo "1926"]
[BlackElo "2234"]
[PlyCount "71"]
[EventDate "2025.05.02"]
[EventType "swiss (blitz)"]
[EventRounds "13"]
[EventCountry "SVK"]
[SourceTitle "CB19_2025"]
[SourceDate "2025.05.07"]
[SourceVersion "1"]
[SourceVersionDate "2025.05.07"]
[SourceQuality "1"]

1. e4 e5 2. Nf3 Nc6 3. Bc4 Nf6 4. d3 Be7 5. 0-0 0-0 6. a4 d6 7. c3 Na5 8. Ba2 c5 9. b4 Nc6 10. b5 Na5 11. h3 Qc7 12. Re1 b6 13. Na3 Bb7 14. Nc4 Nxc4 15. Bxc4 Rad8 16. Qb3 h6 17. Bd2 Rd7 18. Rad1 Bd8 19. Bc1 Re8 20. Qc2 d5 21. exd5 Bxd5 22. Bxd5 Rxd5 23. c4 Rd7 24. Bb2 Rde7 25. Qe2 Nd7 26. Nd2 Qd6 27. Ne4 Qg6 28. Qf3 Bc7 29. Ng3 Bb8 30. Re2 Re6 31. Rde1 Rf6 32. Qd5 Rd6 33. Qf3 f6 34. Nf5 Rxd3 35. Ne3 Kf7 36. Kh2 0-1

[Event "SVK-chT1E 2425"]
[Site "Slovakia"]
[Date "2024.12.08"]
[Round "4.7"]
[White "Lazo, Juraj"]
[Black "Janik, Marek Tobias"]
[Result "1-0"]
[WhiteElo "1995"]
[BlackElo "1977"]
[PlyCount "91"]
[EventDate "2024.11.16"]
[EventType "team-tourn"]
[EventRounds "11"]
[EventCountry "SVK"]
[SourceTitle "CB51_2024"]
[SourceDate "2024.12.18"]
[SourceVersion "1"]
[SourceVersionDate "2024.12.18"]
[SourceQuality "1"]
[WhiteTeam "Stropkov/Svidnik"]
[BlackTeam "Liptov Chess School II"]
[WhiteTeamCountry "SVK"]
[BlackTeamCountry "SVK"]

1. d4 d5 2. c4 dxc4 3. e3 Nf6 4. Bxc4 e6 5. Nf3 c5 6. 0-0 a6 7. a4 Nc6 8. Nc3 Be7 9. b3 0-0 10. Bb2 cxd4 11. exd4 Nd5 12. Ne4 b6 13. Rc1 Bb7 14. Re1 h6 15. g3 Bb4 16. Re2 Rc8 17. Qd3 Be7 18. Qd1 Qd7 19. Rd2 Rfd8 20. Qe2 Ra8 21. Ne5 Nxe5 22. dxe5 Bg5 23. f4 Be7 24. h4 Kf8 25. Kh2 Bb4 26. Rdd1 Qe7 27. Bd4 Nxf4 28. Qe3 Nd5 29. Bxd5 Rxd5 30. Nf6 b5 31. Nxd5 Bxd5 32. Bc5 Bxc5 33. Qxc5 Qxc5 34. Rxc5 b4 35. Rdxd5 exd5 36. Rxd5 Ke7 37. Ra5 Kd7 38. Kg2 Kc6 39. Kf3 Kb6 40. Rd5 Rc8 41. Rd6+ Rc6 42. a5+ Kc7 43. Rxc6+ Kxc6 44. Ke4 Kc5 45. h5 g6 46. e6 1-0

[Event "SVK-chT2C 2425"]
[Site "Slovakia"]
[Date "2024.11.30"]
[Round "3.3"]
[White "Janik, Marek Tobias"]
[Black "Gorcsi, Gabor"]
[Result "0-1"]
[WhiteElo "1977"]
[BlackElo "2183"]
[PlyCount "108"]
[EventDate "2024.11.09"]
[EventType "team-tourn"]
[EventRounds "11"]
[EventCountry "SVK"]
[SourceTitle "CB51_2024"]
[SourceDate "2024.12.18"]
[SourceVersion "1"]
[SourceVersionDate "2024.12.18"]
[SourceQuality "1"]
[WhiteTeam "Liptov Chess School III"]
[BlackTeam "Filakovo"]
[WhiteTeamCountry "SVK"]
[BlackTeamCountry "SVK"]

1. d4 Nf6 2. c4 c5 3. d5 b5 4. cxb5 a6 5. e3 axb5 6. Bxb5 Qa5+ 7. Nc3 Bb7 8. Bc4 e6 9. Bd2 Qb6 10. Qb3 Qxb3 11. Bxb3 exd5 12. Nf3 Na6 13. 0-0 Nc7 14. Rfd1 Bd6 15. Be1 Ra6 16. Bc2 0-0 17. a4 Rfa8 18. b3 d4 19. exd4 Bxf3 20. gxf3 cxd4 21. Ne4 Nxe4 22. Bxe4 Rb8 23. a5 Kf8 24. Rab1 Nb5 25. Bd3 Be5 26. Rbc1 Rh6 27. Bd2 Rh5 28. f4 Bf6 29. f5 Nc3 30. Bxc3 dxc3 31. Bc2 Rb7 32. Rd5 Be7 33. Rcd1 Bb4 34. a6 Ra7 35. Rxd7 Rxa6 36. Rb7 Bd6 37. b4 Bxh2+ 38. Kg2 Rd6 39. Ra1 Rg5+ 40. Kf3 g6 41. Ra8+ Kg7 42. Raa7 Rf6 43. Ke2 gxf5 44. Bb3 Kh6 45. Rxf7 Rxf7 46. Rxf7 Kg6 47. Rd7 Rg4 48. Rb7 Rd4 49. Rb6+ Kg5 50. Rc6 Rd2+ 51. Ke1 Be5 52. b5 Bd4 53. f3 Rb2 54. Ba4 Kf4 0-1

[Event "SVK-chT1E 2425"]
[Site "Slovakia"]
[Date "2024.11.16"]
[Round "1.6"]
[White "Janik, Marek Tobias"]
[Black "Hujo, Jozef"]
[Result "1-0"]
[WhiteElo "1977"]
[BlackElo "1885"]
[PlyCount "79"]
[EventDate "2024.11.16"]
[EventType "team-tourn"]
[EventRounds "11"]
[EventCountry "SVK"]
[SourceTitle "CB51_2024"]
[SourceDate "2024.12.18"]
[SourceVersion "1"]
[SourceVersionDate "2024.12.18"]
[SourceQuality "1"]
[WhiteTeam "Liptov Chess School II"]
[BlackTeam "Michalovce Zemplin"]
[WhiteTeamCountry "SVK"]
[BlackTeamCountry "SVK"]

1. e4 e6 2. d4 d5 3. exd5 exd5 4. Nf3 Bd6 5. Bd3 Ne7 6. 0-0 0-0 7. Re1 c5 8. c3 Nbc6 9. Be3 c4 10. Bc2 Bf5 11. Nbd2 b5 12. b3 Bxc2 13. Qxc2 b4 14. bxc4 bxc3 15. Qxc3 dxc4 16. Qxc4 Rc8 17. Nb3 Nf5 18. Qb5 Qf6 19. Bg5 Nfxd4 20. Nfxd4 Nxd4 21. Qd5 Qf5 22. Qxd4 Bxh2+ 23. Kxh2 Qxg5 24. Rac1 Rxc1 25. Rxc1 Rd8 26. Re1 h6 27. Qxa7 Qh5+ 28. Kg1 Qd5 29. Qc5 Qd3 30. Qe3 Qc2 31. a4 Rb8 32. Nc5 Rb1 33. Rxb1 Qxb1+ 34. Kh2 Qa2 35. f3 g6 36. Nd7 Kg7 37. Qe5+ Kg8 38. a5 Qa3 39. Qe8+ Kg7 40. Qf8+ 1-0

[Event "Tatran Cup 70th"]
[Site "Tatranske Matliare"]
[Date "2024.10.10"]
[Round "7"]
[White "Janik, Marek Tobias"]
[Black "Demeter, Peter"]
[Result "0-1"]
[WhiteElo "1872"]
[BlackElo "2106"]
[PlyCount "114"]
[EventDate "2024.10.05"]
[EventType "swiss"]
[EventRounds "8"]
[EventCountry "SVK"]
[SourceTitle "CB45_2024"]
[Source "ChessBase"]
[SourceDate "2024.11.06"]
[SourceVersion "1"]
[SourceVersionDate "2024.11.06"]
[SourceQuality "1"]

1. e4 d6 2. d4 Nf6 3. Nc3 g6 4. Nf3 Bg7 5. Be3 c6 6. Qd2 b5 7. Bd3 h5 8. h3 Na6 9. Ne2 Nc7 10. 0-0-0 a5 11. Nf4 Ne6 12. Kb1 Nxf4 13. Bxf4 a4 14. Rhe1 0-0 15. Bh6 Qa5 16. Bxg7 Qxd2 17. Rxd2 Kxg7 18. e5 Nd5 19. Be4 b4 20. Ng5 Ra5 21. Bxd5 Rxd5 22. a3 c5 23. Nf3 Bf5 24. dxc5 Rxd2 25. Nxd2 dxc5 26. Nc4 Rd8 27. Ne3 Rd2 28. f3 Be6 29. Kc1 Rf2 30. Kd1 h4 31. Rg1 b3 32. Ke1 Rxc2 33. Nxc2 bxc2 34. Kd2 Bb3 35. Re1 g5 36. Rc1 Kg6 37. Rxc2 Bxc2 38. Kxc2 Kf5 39. b3 axb3+ 40. Kxb3 Kxe5 41. Kc4 Kd6 42. a4 Kc6 43. a5 f6 44. a6 Kb6 45. a7 Kxa7 46. Kxc5 Kb7 47. Kd5 Kc7 48. Ke6 Kd8 49. Kf5 Kd7 50. f4 gxf4 51. Kxf4 Ke6 52. Kg4 Ke5 53. Kxh4 Kf4 54. g3+ Kf3 55. g4 e5 56. g5 fxg5+ 57. Kxg5 e4 0-1

[Event "Tatran Cup 70th"]
[Site "Tatranske Matliare"]
[Date "2024.10.09"]
[Round "6"]
[White "Csala, Jan"]
[Black "Janik, Marek Tobias"]
[Result "1/2-1/2"]
[WhiteElo "2088"]
[BlackElo "1872"]
[PlyCount "108"]
[EventDate "2024.10.05"]
[EventType "swiss"]
[EventRounds "8"]
[EventCountry "SVK"]
[SourceTitle "CB45_2024"]
[Source "ChessBase"]
[SourceDate "2024.11.06"]
[SourceVersion "1"]
[SourceVersionDate "2024.11.06"]
[SourceQuality "1"]

1. c3 d5 2. d4 Nf6 3. Nf3 e6 4. Bf4 Bd6 5. Bxd6 Qxd6 6. Nbd2 0-0 7. e3 Nbd7 8. Bd3 c5 9. 0-0 e5 10. dxe5 Nxe5 11. Nxe5 Qxe5 12. Qf3 Rd8 13. Qg3 Qxg3 14. hxg3 Bg4 15. f3 Be6 16. g4 h6 17. Kf2 Rac8 18. Rfc1 Rc6 19. a3 Nd7 20. Bb5 Rb6 21. Bxd7 Bxd7 22. b4 c4 23. Nf1 Ba4 24. Ng3 Re8 25. Nf5 Rbe6 26. Re1 a6 27. Re2 Kf8 28. Rh1 f6 29. Rhe1 g6 30. Nxh6 Kg7 31. g5 fxg5 32. Ng4 Bc6 33. Rh1 Rh8 34. Rxh8 Kxh8 35. Rd2 Kg7 36. Nh2 b5 37. Nf1 Re7 38. Ng3 Kf6 39. Rd1 Kg7 40. Ne2 Re5 41. Nd4 Bd7 42. f4 gxf4 43. exf4 Re4 44. g3 g5 45. fxg5 Re7 46. Re1 Rxe1 47. Kxe1 Kg6 48. Nf3 Bg4 49. Kf2 Bxf3 50. Kxf3 Kxg5 51. g4 Kg6 52. Kf4 Kf6 53. Ke3 Kg5 54. Kf3 Kg6 1/2-1/2

[Event "Piestany Slovakia op-B"]
[Site "Piestany"]
[Date "2024.07.17"]
[Round "9"]
[White "Andre, Tomas"]
[Black "Janik, Marek Tobias"]
[Result "1/2-1/2"]
[WhiteElo "2041"]
[BlackElo "1964"]
[PlyCount "72"]
[EventDate "2024.07.09"]
[EventType "swiss"]
[EventRounds "9"]
[EventCountry "SVK"]
[SourceTitle "EXT 2025"]
[Source "ChessBase"]
[SourceDate "2024.10.14"]
[SourceVersion "1"]
[SourceVersionDate "2024.10.14"]
[SourceQuality "1"]

1. e4 e6 2. Nf3 d5 3. Nc3 d4 4. Ne2 c5 5. c3 dxc3 6. bxc3 Nf6 7. Ng3 Be7 8. Be2 0-0 9. 0-0 b6 10. d4 Bb7 11. Bd3 Nc6 12. Bb2 Rc8 13. Re1 h6 14. a3 Qc7 15. Qe2 Rfd8 16. e5 Ne8 17. Qe4 g6 18. Qg4 Bf8 19. h4 Qe7 20. h5 g5 21. Ne4 Bg7 22. Rad1 Rc7 23. Bc1 f5 24. exf6 Nxf6 25. Nxf6+ Qxf6 26. Nxg5 hxg5 27. Bxg5 Qf8 28. Bxd8 Nxd8 29. h6 Qf6 30. hxg7 Rxg7 31. Qh3 Rxg2+ 32. Qxg2+ Bxg2 33. Kxg2 cxd4 34. cxd4 Nc6 35. Re4 Kf8 36. Bb1 Qg5+ 1/2-1/2

[Event "Piestany Slovakia op-B"]
[Site "Piestany"]
[Date "2024.07.11"]
[Round "3"]
[White "Ondreicka, Roman"]
[Black "Janik, Marek Tobias"]
[Result "1/2-1/2"]
[WhiteElo "1763"]
[BlackElo "1964"]
[PlyCount "92"]
[EventDate "2024.07.09"]
[EventType "swiss"]
[EventRounds "9"]
[EventCountry "SVK"]
[SourceTitle "EXT 2025"]
[Source "ChessBase"]
[SourceDate "2024.10.14"]
[SourceVersion "1"]
[SourceVersionDate "2024.10.14"]
[SourceQuality "1"]

1. e4 e5 2. Nc3 Nf6 3. f4 d5 4. fxe5 Nxe4 5. Qf3 Nxc3 6. bxc3 Qh4+ 7. g3 Qe4+ 8. Qxe4 dxe4 9. d4 exd3 10. cxd3 Nc6 11. d4 Be6 12. Bg2 0-0-0 13. Ne2 Be7 14. Nf4 Bc4 15. Bf1 Na5 16. Bxc4 Nxc4 17. 0-0 h5 18. Ng2 Rhf8 19. Ne3 Nxe3 20. Bxe3 f6 21. exf6 Bxf6 22. Rac1 Rfe8 23. Rfe1 h4 24. Bf2 Bg5 25. Rxe8 Rxe8 26. Re1 Rxe1+ 27. Bxe1 hxg3 28. hxg3 b5 29. Kf2 Kd7 30. Kf3 Ke6 31. Ke4 c6 32. g4 g6 33. Kd3 Bf4 34. Bf2 Kd5 35. Be1 a6 36. Bf2 Bd6 37. Be1 c5 38. dxc5 Bxc5 39. Bd2 Bf2 40. Bg5 Ke5 41. Bd2 Bg3 42. Be3 Bf4 43. Bf2 Bh2 44. Be3 Bg3 45. Bd2 Bf2 46. Bg5 Kd5 1/2-1/2

[Event "SVK-ch U2300"]
[Site "Liptovsky Jan"]
[Date "2024.06.17"]
[Round "5"]
[White "Janik, Marek Tobias"]
[Black "Demeter, Peter"]
[Result "1/2-1/2"]
[WhiteElo "1868"]
[BlackElo "2075"]
[PlyCount "57"]
[EventDate "2024.06.15"]
[EventType "swiss"]
[EventRounds "8"]
[EventCountry "SVK"]
[SourceTitle "CBM 220 Extra"]
[Source "ChessBase"]
[SourceDate "2024.07.31"]
[SourceVersion "1"]
[SourceVersionDate "2024.07.31"]
[SourceQuality "1"]

1. e4 g6 2. d4 Bg7 3. Nf3 c5 4. c3 cxd4 5. cxd4 d6 6. Nc3 Nf6 7. Be3 0-0 8. Qd2 Nc6 9. Rc1 Bg4 10. Ng5 Bd7 11. Be2 h6 12. Nf3 Ng4 13. d5 Nxe3 14. Qxe3 Nb4 15. 0-0 a5 16. Nd2 e6 17. a3 exd5 18. axb4 d4 19. Qd3 dxc3 20. bxc3 Be6 21. Qb5 Qg5 22. f4 Qxb5 23. Bxb5 axb4 24. cxb4 Ra2 25. Nc4 Bxc4 26. Rxc4 Rb2 27. Rf2 Rb1+ 28. Rf1 Rb2 29. Rf2 1/2-1/2

[Event "SVK-ch U2300"]
[Site "Liptovsky Jan"]
[Date "2024.06.17"]
[Round "6"]
[White "Trgina, Daniel"]
[Black "Janik, Marek Tobias"]
[Result "0-1"]
[WhiteElo "2096"]
[BlackElo "1868"]
[PlyCount "83"]
[EventDate "2024.06.15"]
[EventType "swiss"]
[EventRounds "8"]
[EventCountry "SVK"]
[SourceTitle "CBM 220 Extra"]
[Source "ChessBase"]
[SourceDate "2024.07.31"]
[SourceVersion "1"]
[SourceVersionDate "2024.07.31"]
[SourceQuality "1"]

1. e4 c5 2. Nf3 Nc6 3. d4 cxd4 4. Nxd4 Nf6 5. Nc3 e5 6. Ndb5 d6 7. Bg5 a6 8. Na3 b5 9. Nab1 Be7 10. Bxf6 Bxf6 11. a4 b4 12. Nd5 Bg5 13. Bc4 Rb8 14. Qd3 0-0 15. Bxa6 Bxa6 16. Qxa6 Nd4 17. Qd3 b3 18. cxb3 Rxb3 19. Nbc3 Rxb2 20. 0-0 Qa5 21. Rfb1 Rfb8 22. Rxb2 Rxb2 23. Rb1 Rxb1+ 24. Qxb1 h6 25. Qb4 Qa6 26. Nb5 Qc8 27. Nbc7 Qg4 28. Qb8+ Kh7 29. Qb1 Nf3+ 30. Kh1 Nh4 31. Qf1 Qxe4 32. a5 Qd4 33. a6 Nf5 34. Nb5 Qxd5 35. Qb1 g6 36. a7 Bd8 37. Qa1 Qa8 38. f3 Bb6 39. Qa2 Kg7 40. Qa6 Qc6 41. h3 Qc1+ 42. Kh2 0-1

[Event "SVK-ch U2300"]
[Site "Liptovsky Jan"]
[Date "2024.06.15"]
[Round "1"]
[White "Zitnanska, Ema"]
[Black "Janik, Marek Tobias"]
[Result "0-1"]
[WhiteElo "1181"]
[BlackElo "1868"]
[PlyCount "34"]
[EventDate "2024.06.15"]
[EventType "swiss"]
[EventRounds "8"]
[EventCountry "SVK"]
[SourceTitle "CBM 220 Extra"]
[Source "ChessBase"]
[SourceDate "2024.07.31"]
[SourceVersion "1"]
[SourceVersionDate "2024.07.31"]
[SourceQuality "1"]

1. e4 c5 2. Nf3 Nc6 3. Nc3 e5 4. d3 d6 5. Be3 Be7 6. Be2 Nf6 7. h3 0-0 8. Qd2 Rb8 9. 0-0-0 b5 10. g4 d5 11. exd5 Nxd5 12. Ne4 b4 13. Kb1 Qa5 14. Bg5 Nc3+ 15. Nxc3 bxc3 16. Qe1 Rxb2+ 17. Kc1 Rb1+ 0-1

[Event "SVK-ch U18/20"]
[Site "Tatralandia"]
[Date "2024.04.10"]
[Round "7"]
[White "Janik, Marek Tobias"]
[Black "Petrek, Dominik"]
[Result "0-1"]
[WhiteElo "1885"]
[BlackElo "2249"]
[PlyCount "100"]
[EventDate "2024.04.05"]
[EventType "swiss"]
[EventRounds "9"]
[EventCountry "SVK"]
[SourceTitle "CBM 219 Extra"]
[Source "ChessBase"]
[SourceDate "2024.05.31"]
[SourceVersion "1"]
[SourceVersionDate "2024.05.31"]
[SourceQuality "1"]

1. e4 e6 2. d4 d5 3. exd5 exd5 4. Nf3 Bd6 5. Bd3 Ne7 6. 0-0 Bg4 7. Re1 Nbc6 8. c3 Qd7 9. Nbd2 f6 10. b4 0-0 11. Nf1 Bf5 12. Ng3 Bxd3 13. Qxd3 Rae8 14. Bd2 Qg4 15. Qe2 Qd7 16. Qd3 Nc8 17. Nf5 N6e7 18. N3h4 Nb6 19. Qf3 Nxf5 20. Nxf5 c6 21. Rxe8 Rxe8 22. Re1 Rxe1+ 23. Bxe1 Nc4 24. Ne3 Qe6 25. h3 Bc7 26. Kf1 Nd6 27. Qg4 f5 28. Qf4 g6 29. Qe5 Qf7 30. Qf4 a5 31. Qf3 Qe7 32. a3 Qe6 33. Qe2 Qe4 34. Qc2 Qf4 35. Qe2 Ne4 36. Qf3 Qxf3 37. gxf3 Nd6 38. Ke2 a4 39. f4 Nb5 40. Nc2 Bxf4 41. Bd2 Bc7 42. Kd3 Kf7 43. f3 Nd6 44. Bf4 Ke6 45. Ne3 Nb5 46. Bxc7 Nxc7 47. c4 f4 48. Ng2 g5 49. Ne1 h5 50. Kc3 Kf5 0-1

[Event "SVK-ch U18/20"]
[Site "Tatralandia"]
[Date "2024.04.08"]
[Round "5"]
[White "Janik, Marek Tobias"]
[Black "Straka, Simon"]
[Result "1-0"]
[WhiteElo "1885"]
[BlackElo "2025"]
[PlyCount "66"]
[EventDate "2024.04.05"]
[EventType "swiss"]
[EventRounds "9"]
[EventCountry "SVK"]
[SourceTitle "CBM 219 Extra"]
[Source "ChessBase"]
[SourceDate "2024.05.31"]
[SourceVersion "1"]
[SourceVersionDate "2024.05.31"]
[SourceQuality "1"]

1. e4 c5 2. Nf3 d6 3. d4 cxd4 4. Nxd4 Nf6 5. Nc3 a6 6. f3 e5 7. Nb3 Be6 8. Be3 Be7 9. Qd2 Nbd7 10. g4 b5 11. g5 Nh5 12. 0-0-0 0-0 13. Kb1 Nb6 14. Na5 Qc7 15. Rg1 g6 16. Qf2 Rfb8 17. Qe1 b4 18. Nd5 Nxd5 19. exd5 Qxa5 20. dxe6 fxe6 21. Bh3 Ng7 22. f4 e4 23. Bd4 d5 24. Bxg7 Kxg7 25. Bxe6 Rb5 26. f5 Bd6 27. Qh4 Ra7 28. fxg6 Kh8 29. Rgf1 Rg7 30. Rf7 Rb7 31. Rdf1 Qd8 32. Qh6 Rbxf7 33. Rxf7 Be5 1-0

[Event "SVK-ch U18/20"]
[Site "Tatralandia"]
[Date "2024.04.07"]
[Round "4"]
[White "Hulic, Michal"]
[Black "Janik, Marek Tobias"]
[Result "0-1"]
[WhiteElo "1575"]
[BlackElo "1885"]
[PlyCount "44"]
[EventDate "2024.04.05"]
[EventType "swiss"]
[EventRounds "9"]
[EventCountry "SVK"]
[SourceTitle "CBM 219 Extra"]
[Source "ChessBase"]
[SourceDate "2024.05.31"]
[SourceVersion "1"]
[SourceVersionDate "2024.05.31"]
[SourceQuality "1"]

1. e4 e5 2. Nf3 Nf6 3. Nc3 Bb4 4. Nd5 Nxd5 5. exd5 0-0 6. Be2 Re8 7. 0-0 c6 8. a3 Bf8 9. dxc6 bxc6 10. c3 d5 11. d4 e4 12. Ne1 Bd6 13. Nc2 Nd7 14. Be3 f5 15. Qd2 Qc7 16. h3 f4 17. Rac1 Nf6 18. c4 fxe3 19. fxe3 Qf7 20. c5 Bc7 21. b4 Qg6 22. Kh1 Qg3 0-1

[Event "SVK-ch U18/20"]
[Site "Tatralandia"]
[Date "2024.04.07"]
[Round "3"]
[White "Janik, Marek Tobias"]
[Black "Ondrejicka, Tomas"]
[Result "1-0"]
[WhiteElo "1885"]
[BlackElo "1530"]
[PlyCount "49"]
[EventDate "2024.04.05"]
[EventType "swiss"]
[EventRounds "9"]
[EventCountry "SVK"]
[SourceTitle "CBM 219 Extra"]
[Source "ChessBase"]
[SourceDate "2024.05.31"]
[SourceVersion "1"]
[SourceVersionDate "2024.05.31"]
[SourceQuality "1"]

1. e4 e5 2. Nf3 Nf6 3. d4 Nxe4 4. Bd3 d5 5. Nxe5 f6 6. Qh5+ Ke7 7. Ng6+ hxg6 8. Qxh8 Nc6 9. Be3 Be6 10. 0-0 Qd6 11. c4 Nb4 12. Bxe4 dxe4 13. Na3 b6 14. Qh4 Bf5 15. Nb5 Qc6 16. Rac1 Nd3 17. d5 Qd7 18. Rc2 Nb4 19. Rd2 a6 20. Nxc7 Rc8 21. Bxb6 Qd6 22. c5 Qe5 23. f4 g5 24. fxe5 gxh4 25. Rxf5 1-0